MDQL
is popping MORE tags! Check the
thread
!
Quizzes
Events
Quiz Creation
Community
Videos
Private Events
Remove Ads
Sign In
Join for FREE
Feedback
Dark Mode
Quiz Categories
Sports
Geography
Music
Movies
Television
Just For Fun
Miscellaneous
History
Literature
Language
Science
Gaming
Entertainment
Religion
Holiday
For Kids
Quiz Lab
Recent
Popular Today
Quiz Kudos Today
Editor Picks
Curator Picks
Quizzes by...
Day
Popularity
Type
Ratings
Length
Year
Community
Subscriptions
Recent Discussions
Orange Saloon
Badges
Playlists
Quests
Create
Leaderboards
Showdown
Live 5
Trivia Bingo
Activity
Puzzle Library
Sporcle Events
Private Events
Virtual Trivia
Globe League
Become a Host
Pub Owners
SporcleCon
Opinionation
Our Games
Videos
Blog
Mobile Apps
Partnerships
Remove Ads and Go Orange
Feedback
Sports
Athletes
MLB
NBA
NHL
NFL
Soccer
Sports Teams
WWE
NCAA
Football
Premier League
Basketball
Baseball
Hockey
Golf
Tennis
Cricket
Rugby
Auto Racing
Olympics
World Cup
Sports
Athletes
MLB
NBA
NHL
NFL
Soccer
Sports Teams
WWE
NCAA
Football
Premier League
Basketball
Baseball
Hockey
Golf
Tennis
Cricket
Rugby
Auto Racing
Olympics
World Cup
Random Quiz
Search Sporcle
×
Quiz Lab
Quiz Lab
Sports
WWE
Type in answers that appear in a list
Type in answers that appear in a list
Classic
Best Score? Go Orange.
WWE PPV Opponents of Christian Stats
Can you name the WWE PPV Opponents of Christian
By
lesnar
13m
222 Questions
933 Plays
933 Plays
933 Plays
Comments
Comments
Give Quiz Kudos
Give Quiz Kudos
-
- Ratings
hide this ad
Replay
Link that replays current quiz
Next Quiz
Link to next quiz in quiz playlist
You Got
0%
They Got
Avg Score
74%
Avg Friend Score
Upgrade to see
Score Distribution
Jump to the score distribution portion of the page
Score
0/222
Timer
13:00
0
Plays Today
event
Answer
% Correct
Unforgiven 2001
Edge
97.5%
No Mercy 2001
Edge
97.5%
Rebellion 2001
Edge
97.5%
Vengeance 2002
Edge
97.5%
WrestleMania 21
Edge
97.5%
King of the Ring 1999
Matt Hardy
97%
No Mercy 1999
Matt Hardy
97%
No Way Out 2000
Matt Hardy
97%
WrestleMania 16
Matt Hardy
97%
Insurrextion 2000
Matt Hardy
97%
King of the Ring 2000
Matt Hardy
97%
SummerSlam 2000
Matt Hardy
97%
Unforgiven 2000
Matt Hardy
97%
No Mercy 2000
Matt Hardy
97%
Survivor Series 2000
Matt Hardy
97%
WrestleMania 17
Matt Hardy
97%
Backlash 2001
Matt Hardy
97%
Insurrextion 2001
Matt Hardy
97%
No Way Out 2002
Matt Hardy
97%
WrestleMania 26
Matt Hardy
97%
Money in the Bank 2010
Matt Hardy
97%
King of the Ring 1999
Jeff Hardy
96.8%
No Mercy 1999
Jeff Hardy
96.8%
No Way Out 2000
Jeff Hardy
96.8%
WrestleMania 16
Jeff Hardy
96.8%
Insurrextion 2000
Jeff Hardy
96.8%
King of the Ring 2000
Jeff Hardy
96.8%
SummerSlam 2000
Jeff Hardy
96.8%
Unforgiven 2000
Jeff Hardy
96.8%
No Mercy 2000
Jeff Hardy
96.8%
Survivor Series 2000
Jeff Hardy
96.8%
WrestleMania 17
Jeff Hardy
96.8%
Insurrextion 2001
Jeff Hardy
96.8%
No Way Out 2002
Jeff Hardy
96.8%
Armageddon 1999
Bubba Ray Dudley
95.2%
WrestleMania 16
Bubba Ray Dudley
95.2%
SummerSlam 2000
Bubba Ray Dudley
95.2%
Survivor Series 2000
Bubba Ray Dudley
95.2%
Rebellion 2000
Bubba Ray Dudley
95.2%
Armageddon 2000
Bubba Ray Dudley
95.2%
Royal Rumble 2001
Bubba Ray Dudley
95.2%
No Way Out 2001
Bubba Ray Dudley
95.2%
WrestleMania 17
Bubba Ray Dudley
95.2%
Insurrextion 2001
Bubba Ray Dudley
95.2%
Unforgiven 2002
Bubba Ray Dudley
95.2%
Armageddon 2002
Bubba Ray Dudley
95.2%
Survivor Series 2003
Bubba Ray Dudley
95.2%
Armageddon 1999
D-Von Dudley
95%
WrestleMania 16
D-Von Dudley
95%
SummerSlam 2000
D-Von Dudley
95%
Survivor Series 2000
D-Von Dudley
95%
Rebellion 2000
D-Von Dudley
95%
Armageddon 2000
D-Von Dudley
95%
Royal Rumble 2001
D-Von Dudley
95%
No Way Out 2001
D-Von Dudley
95%
WrestleMania 17
D-Von Dudley
95%
Insurrextion 2001
D-Von Dudley
95%
Armageddon 2002
D-Von Dudley
95%
Survivor Series 2003
D-Von Dudley
95%
Survivor Series 2009
Randy Orton
93.5%
Over the Limit 2011
Randy Orton
93.5%
Capitol Punishment 2011
Randy Orton
93.5%
Money in the Bank 2011
Randy Orton
93.5%
SummerSlam 2011
Randy Orton
93.5%
Money in the Bank 2013
Randy Orton
93.5%
Elimination Chamber 2014
Randy Orton
93.5%
Judgment Day 2001
Chris Jericho
92.7%
Royal Rumble 2003
Chris Jericho
92.7%
Unforgiven 2003
Chris Jericho
92.7%
Royal Rumble 2004
Chris Jericho
92.7%
WrestleMania 20
Chris Jericho
92.7%
Backlash 2004
Chris Jericho
92.7%
Unforgiven 2004
Chris Jericho
92.7%
WrestleMania 21
Chris Jericho
92.7%
event
Answer
% Correct
Vengeance 2005
Chris Jericho
92.7%
No Way Out 2001
Kane
91%
Unforgiven 2002
Kane
91%
WrestleMania 21
Kane
91%
WrestleMania 25
Kane
91%
WrestleMania 26
Kane
91%
Money in the Bank 2010
Kane
91%
No Way Out 2001
Undertaker
86%
Vengeance 2005
John Cena
85.9%
Elimination Chamber 2014
John Cena
85.9%
Judgment Day 2001
Chris Benoit
81.6%
WrestleMania 21
Chris Benoit
81.6%
No Mercy 2005
Chris Benoit
81.6%
WrestleMania 25
CM Punk
81.1%
Survivor Series 2009
CM Punk
81.1%
Money in the Bank 2013
CM Punk
81.1%
Backlash 1999
Bradshaw
80.3%
No Mercy 1999 UK
Bradshaw
80.3%
SummerSlam 1999
Bradshaw
80.3%
Fully Loaded 2000
Bradshaw
80.3%
King of the Ring 2001
Kurt Angle
80.2%
Money in the Bank 2010
Big Show
80.2%
Backlash 2001
Eddie Guerrero
76.4%
WrestleMania 25
Mark Henry
76.4%
The Bash 2009
Mark Henry
76.4%
Unforgiven 2003
RVD
75.9%
Survivor Series 2003
RVD
75.9%
Money in the Bank 2013
RVD
75.9%
Vengeance 2001
Albert
74.3%
Money in the Bank 2012
Tensai
74.3%
King of the Ring 2000
Test
73.7%
Rebellion 2000
Test
73.7%
Unforgiven 1999
Billy Gunn
73.6%
Survivor Series 2004
Shelton Benjamin
73.3%
WrestleMania 21
Shelton Benjamin
73.3%
WrestleMania 25
Shelton Benjamin
73.3%
TLC 2009
Shelton Benjamin
73.3%
WrestleMania 26
Shelton Benjamin
73.3%
SummerSlam 2002
Booker T
73.2%
Unforgiven 2002
Booker T
73.2%
No Mercy 2002
Booker T
73.2%
Armageddon 2002
Booker T
73.2%
Judgment Day 2003
Booker T
73.2%
Insurrextion 2003
Booker T
73.2%
Bad Blood 2003
Booker T
73.2%
Survivor Series 2003
Booker T
73.2%
Great American Bash 2005
Booker T
73.2%
No Mercy 2005
Booker T
73.2%
Unforgiven 1999
Road Dogg
72.9%
Backlash 2000
Road Dogg
72.9%
Armageddon 2000
Road Dogg
72.9%
SummerSlam 2002
Goldust
71.8%
Unforgiven 2002
Goldust
71.8%
No Mercy 2002
Goldust
71.8%
Armageddon 2002
Goldust
71.8%
King of the Ring 2000
Albert
70.8%
Rebellion 2000
Albert
70.8%
Over the Limit 2012
Miz
69.3%
Royal Rumble 2005
Batista
68.8%
Armageddon 2002
William Regal
68%
New Years Revolution 2005
William Regal
68%
SummerSlam 2009
William Regal
68%
Breaking Point 2009
William Regal
68%
Survivor Series 2009
William Regal
68%
Backlash 2000
X-Pac
67.7%
Insurrextion 2001
X-Pac
67.7%
Backlash 2009
Jack Swagger
66.9%
Judgment Day 2009
Jack Swagger
66.9%
Extreme Rules 2009
Jack Swagger
66.9%
The Bash 2009
Jack Swagger
66.9%
WrestleMania 26
Jack Swagger
66.9%
Hell in a Cell 2011
Sheamus
66.5%
Vengeance 2011
Sheamus
66.5%
Money in the Bank 2013
Sheamus
66.5%
event
Answer
% Correct
Elimination Chamber 2014
Sheamus
66.5%
Survivor Series 2003
Shawn Michaels
66.2%
Money in the Bank 2013
Daniel Bryan
65.9%
Elimination Chamber 2014
Daniel Bryan
65.9%
WrestleMania 25
Kofi Kingston
65.8%
WrestleMania 26
Kofi Kingston
65.8%
Money in the Bank 2010
Kofi Kingston
65.8%
Global Warning 2002
Rey Mysterio
65.5%
Survivor Series 2009
Cody Rhodes
63.8%
Money in the Bank 2010
Cody Rhodes
63.8%
Over the Limit 2012
Cody Rhodes
63.8%
No Way Out 2012
Cody Rhodes
63.8%
Money in the Bank 2012
Cody Rhodes
63.8%
Armageddon 2003
Lita
61.8%
Royal Rumble 2000
Rikishi
61.3%
Judgment Day 2000
Rikishi
61.3%
Backlash 1999
Faarooq
60.8%
No Mercy 1999 UK
Faarooq
60.8%
SummerSlam 1999
Faarooq
60.8%
Fully Loaded 2000
Faarooq
60.8%
WrestleMania 26
Dolph Ziggler
60.2%
Money in the Bank 2010
Dolph Ziggler
60.2%
Money in the Bank 2012
Dolph Ziggler
60.2%
Armageddon 2003
Trish Stratus
60.1%
Invasion 2001
Lance Storm
58.3%
Armageddon 2002
Lance Storm
58.3%
Survivor Series 1999
Scotty 2 Hotty
57.6%
Judgment Day 2000
Scotty 2 Hotty
57.6%
King of the Ring 2000
Scotty 2 Hotty
57.6%
Vengeance 2001
Scotty 2 Hotty
57.6%
Royal Rumble 2002
Stone Cold Steve Austin
57.1%
Rock Bottom 1998
Bob Holly
57%
Survivor Series 1999
Bob Holly
57%
Extreme Rules 2011
Alberto Del Rio
56.9%
SummerSlam 2013
Alberto Del Rio
56.9%
Extreme Rules 2009
Tommy Dreamer
55.8%
The Bash 2009
Tommy Dreamer
55.8%
Night of Champions 2009
Tommy Dreamer
55.8%
Survivor Series 1999
Crash Holly
55.7%
Survivor Series 1999
Grand Master Sexay
55%
Judgment Day 2000
Grand Master Sexay
55%
King of the Ring 2000
Grand Master Sexay
55%
WrestleMania 25
MVP
55%
WrestleMania 26
MVP
55%
WrestleMania 25
Finlay
52.5%
The Bash 2009
Finlay
52.5%
No Mercy 1999 UK
Viscera
50.4%
Armageddon 2000
K-Kwik
50.3%
Royal Rumble 2010
Ezekiel Jackson
49.7%
WrestleMania 18
DDP
47.8%
Elimination Chamber 2014
Cesaro
47.4%
Vengeance 2002
Hulk Hogan
46%
Rock Bottom 1998
Al Snow
45.9%
Survivor Series 2001
Al Snow
45.9%
Survivor Series 2009
Ted DiBiase
44.9%
WrestleMania 26
Drew McIntyre
44.7%
Money in the Bank 2010
Drew McIntyre
44.7%
Armageddon 2000
Goodfather
43.5%
WrestleMania 26
Evan Bourne
42.6%
Judgment Day 1998
Taka Michinoku
42.3%
Backlash 1999
Mideon
41.7%
Capital Carnage 1998
Marc Mero
37.2%
New Years Revolution 2005
Eugene
33.2%
Money in the Bank 2012
Damien Sandow
32.8%
Armageddon 2000
Bull Buchanan
31.4%
Capital Carnage 1998
Jacqueline
30%
Insurrextion 2001
Justin Credible
29.6%
Money in the Bank 2012
Sin Cara
29.2%
Money in the Bank 2012
Santino Marella
28.7%
Money in the Bank 2012
Tyson Kidd
27.3%
No Mercy 2005
Orlando Jordan
25.5%
Global Warning 2002
Billy Kidman
23.2%
Rock Bottom 1998
Scorpio
22.3%
Invasion 2001
Mike Awesome
21.3%
Quiz Playlist
Details
Report
Send in Message
Add To Playlist
Classic:
Type in answers that appear in a list
Last Updated: Feb 16, 2017
Quiz Scoreboard
CHALLENGE
Sign Up to Join the Scoreboard
Show All
Scores
Hide
Comments
May contain spoilers
Recently Published
Two Season TV Shows II
by 123Four
Television
10m
Image Sorting: Flags VI
by Barbecue
Geography
2m
Find the 'City' Movie
by crazypaving
Movies
60s
More to Explore
Quiz From the Vault
Featured Blog Post
14 Easter Pick-up Lines to Find Eggs With
hide this ad
You Might Also Like...
Tags
WWE Quiz
Christian
Event
opponent
PPV
PPV Opponents
Today's Top Quizzes in Sports
Browse Sports
hide this ad
Today's Top Quizzes in WWE
Browse WWE
Top Contributed Quizzes in Sports
1
Les meilleurs buteurs des matchs entre le PSG et l’OM
2
Les entraîneurs de l'OM et du PSG au 21e siècle
3
2022 World Cup Stars
4
Les joueurs passés par le PSG et l'OM
5
Players with Multiple 50 Home Run Seasons
6
FIFA Club World Cup Champions
7
Criteria MLB: Left Handed Sluggers
8
Les joueurs passés par le LOSC et le RC Lens
9
Top 10 NHL Goal Scorers of All Time
10
MLB Players with Two .350 Batting Average Seasons
Explore More
Trending Topics
Disney
Anime
Kpop
NBA
Harry Potter
Marvel
Crossword
The Office
Song
NFL
Soccer
Country
WWE
Puzzle
Pokémon
hide this ad
More By:
lesnar
Quiz
Plays
Rating
Category
Featured
Created
WWE PPV Opponents of RVD
1,214
2.75
Sports
Jun 27, 2014
Name the WWE Wrestler
1,200
1.30
Sports
Jan 7, 2015
WWE PPV Opponents of Christian
933
1.00
Sports
Jul 19, 2014
wwe ppv opponents of hhh
742
1.00
Sports
Jun 8, 2014
WWE PPV Opponents of Matt Hardy
416
2.00
Sports
Jun 29, 2014
Go to Creator's Profile
Score Distribution
Quiz Creator Spotlight
lesnar
Follow
Send a Message
Quizzes Created
-
Created Quiz Play Count
-
More By This Creator
Popular Quizzes Today
1
Find the US States - No Outlines Minefield
2
Colored Red Africa Blitz
3
Find the 'City' Movie
4
5x2 Blitz: Bands
5
The Countries of the World
6
Find the Countries of Europe - No Outlines Minefield
7
Find the US States
8
US States
More Sports Quizzes
Top 50 Premier League Appearances - Spanish Players
Curator's Pick
Trending Quizzes
Colored Red Europe Blitz I
Colored Red Africa Blitz II
Colored Red Europe Blitz II
Colored Red Europe Blitz III
Colored Red Africa Blitz III
Recently Updated
How Do You Spell That?
pecheneg
Godzilla Movies
pecheneg
Grab Bag: 4-10 Letters
pecheneg
2024 March Madness Bracket
pecheneg
Famous TV Couples
Peacemaker
Champions League XIs: Real Madrid
pecheneg
Largest US Cities 1790-2010
pecheneg
Rides in Walt Disney World
pecheneg
Most Oscar Losses (Acting)
pecheneg
Beyoncé Albums
pecheneg
Trending Topics
Disney
Kpop
Anime
NBA
Marvel
Harry Potter
Crossword
WWE
Song
Puzzle
Pokémon
Country
NFL
Soccer
The Office
Your Account Isn't Verified!
In order to create a playlist on Sporcle, you need to verify the email address you used during registration. Go to your
Sporcle Settings
to finish the process.
Report this User
Report this user for behavior that violates our
Community Guidelines
.
Details:
Send Report
Go to the Sporcle.com Mobile Site →
Comments